00490nam a2200157Ia 450000500170000000800410001708200130005810000150007124500410008626000630012730000120019065000100020294200060021295200990021899900150031720250319214109.0240331s9999 xx 000 0 und d bPARa894 aParpara, K 0aBharathi pakthan parpara kavithaigal aColombobWriters C0-0perative Publishing Society Ltdc1989 a26 p ., aPoems cL 001040708LaWERCLbWERCLcSSCd2024-03-31l0o 894.811 PARp2388r2024-03-31w2024-03-31yL c4093d4093